|
|
|
|
| LEADER |
00000nas a22000007a 4500 |
| 005 |
20110823134926.0 |
| 008 |
110823t2006 rm ar|p|s|n|| 00| a1eng d |
| 022 |
|
|
|a 2069 – 9344
|
| 035 |
|
|
|a 5674
|
| 040 |
|
|
|a vLex
|
| 090 |
|
|
|c 2253
|d 2253
|
| 245 |
0 |
0 |
|a EIRP Proceedings
|h [Recurso electrn̤ico]
|
| 256 |
|
|
|a Servicio en ln̕ea.
|
| 260 |
|
|
|a [Rumania] :
|b Universitatea Danubius,
|c 2006
|
| 310 |
|
|
|a Anual
|
| 362 |
1 |
|
|a Nm︢. 1 (2006) -
|
| 500 |
|
|
|a EIRP proceedings containing the works of the International Conference on European Integration - Realities and Perspectives, bring together all the submitted and presented contributions, providing a conclusive and accessible view to all who wish to feel the beat of research. You will have direct access to a focused group of key people working and researching in the area. The conference is international, offering to researchers the opportunity of showing their works across the world.
|
| 506 |
1 |
|
|a Contenido solo disponible en los productos indicados
|d vLex Global
|d vLex Global (Academic Edition, excluding Law Schools)
|d vLex Global (U.S. Academic Edition, Law Schools)
|d vLex Global (U.S. Academic Edition, excluding Law Schools)
|d vLex Global (Academic Edition, Law Schools)
|
| 650 |
0 |
4 |
|a Derecho internacional
|
| 710 |
2 |
|
|a Universitatea Danubius
|
| 740 |
0 |
|
|a vLex Revistas (Servicio en ln̕ea)
|
| 856 |
4 |
0 |
|u http://vlex.com/source/eirp-proceedings-5674
|z Acceso restringido
|
| 942 |
|
|
|c REV
|